000 01032nam a2200325 i 4500
003 EG-GICUC
005 20260127111004.0
008 260127s1951 us ||||fr|||| 001 0 eng d
040 _aEG-GiCUC
_beng
_cEG-GiCUC
_dEG-GiCUC
_erda
041 _aeng
082 0 4 _221
_a341.3
_bHA . B
092 0 4 _221
099 _aLaw1 11 341.3 HA . B 1 ed - 1951
245 0 0 _aBasic Documents Of International Relations /
_cEdited By Frederick H. Hartmann.
250 _a First Edition
264 1 _aNew York :
_bMcgraw-hill Book Company, Inc,
_c1951.
300 _a312 pages,
_c24 cm
336 _2rda content
_atext
337 _2rda media
_aComputer
338 _2rda carrier
_aOnline Resource
504 _aBibliography: pages 200-250.
546 _aText in English
650 1 4 _aInternational Relations
_2qrmak
650 1 4 _aPublic international law
651 1 _2qrmak
700 1 _a Hartmann, Frederick H.
_eeditor.
856 4 0 _uhttps://fll.law.cu.edu.eg/fulltext/bks/B11-06654.pdf
905 _a79
942 _2ddc
_cBK
_e21
_n0
999 _c59568
_d59568